De Cervantes y Lope de Vega

Gardado en:
Detalles Bibliográficos
Autor Principal: Menéndez Pidal, Ramón
Formato: Libro
Idioma:Undetermined
Publicado: Madrid, España Espasa-Calpe 1958
Edición:5
Materias:
Etiquetas: Engadir etiqueta
Sen Etiquetas, Sexa o primeiro en etiquetar este rexistro!

MARC

LEADER 00000nam a2200000Ia 4500
008 170316s9999 xx 000 0 und d
090 |a 862 M-36d 
100 |a Menéndez Pidal, Ramón 
245 |a De Cervantes y Lope de Vega 
250 |a 5 
260 |a Madrid, España 
260 |b Espasa-Calpe 
260 |c 1958 
300 |a 173 páginas 
650 |a LITERATURA ESPAÑOLA 
999 |c 25535  |d 25535 
040 |a cru BVZT 
942 |c 15 D  |h 862 M-36d  |2 z